Language Quiz

Random Language or Letter Quiz

It's All About 'AL' Quiz Stats

Quiz Updated Mar 21, 2016

Challenge
Share
Tweet
Embed
Score 0/63 Timer 07:00
5 Plays Today
% Correct
Alabama
98.9%
Algebra
93.3%
Alright
89%
Alcohol
87.7%
Aladdin
86.8%
Alchemy
86.7%
Algeria
86.4%
Altered
86%
Albania
81.9%
Shallow
76.2%
Exhaled
74.1%
Scalpel
73.8%
Malaria
71.2%
Galileo
71%
Funeral
70.4%
General
70.1%
Talking
68.6%
Admiral
68%
Dialect
67.2%
Buffalo
65.6%
Balance
64%
Wealthy
63.8%
Journal
60.7%
Cavalry
60.1%
Allegro
58.7%
Maltese
57.5%
Catwalk
57.4%
Eyeball
56.6%
Jealous
53.8%
Asphalt
51.2%
Pinball
49.6%
Vivaldi
49.1%
% Correct
Finally
48.5%
Healthy
47.5%
Wallaby
47.4%
Royalty
47.3%
Narwhal
46.6%
Chalice
44.5%
Senegal
43.9%
Devalue
39.8%
Bengali
39.5%
Calvary
38.2%
Penalty
33.7%
Scalene
32.9%
Surreal
31.8%
Trivial
31.8%
Install
30.7%
Tallinn
30.4%
Realize
29%
Squalor
27.1%
Invalid
24.6%
Enthral
24.2%
Bivalve
23.7%
Congeal
22.1%
Zealous
19.7%
Halfway
17.9%
Kampala
17.9%
Scandal
17.6%
Overall
15.5%
Salvage
14.9%
Regalia
14.1%
Piebald
11.1%
Schmalz
4.2%

You're not logged in!

Compare scores with friends on all Sporcle quizzes.
Sign Up with Email
OR
Log In

You Might Also Like...

Show Comments

Extras

Top Quizzes Today


Score Distribution

Your Account Isn't Verified!

In order to create a playlist on Sporcle, you need to verify the email address you used during registration. Go to your Sporcle Settings to finish the process.